000 00279nam a2200097Ia 4500
082 _a649.6|NESE
245 0 _aSleep guide for babies and toddlers
100 _a Neser, Erica South Africa, Pretoria, 2006
_946192
942 _cBK
008 210817s9999 xx 000 0 und d
999 _c152158
_d152156